000 00446nam a2200205Ia 4500
008 210210b1932 xxu||||| |||| 00| 0 eng d
041 _aeng
082 _a335/4
100 _aAHMAD (M B)
245 _aProblem of rural uplift in India
260 _aLucknow
_b-
_c1932
650 _auplift
650 _arural
650 _aProblem
650 _aof
650 _aIndia
650 _ain
690 _aIndian Economics
906 _a004348
999 _c124732
_d124732